Представление документа в формате RUSMARC

ПолеНазваниеЗначение
  Тип записи i
  Библиографический уровень m
001 Контрольный номер 5731ac832e9c4a5492021435d8d3401c
005 Дата корректировки 20211217162021.8
010 Индекс ISBN __
b Уточнения в кор.
d Цена 300-00
100 Данные общей обработки __
a Данные общей обработки 20210205d2018####u y0rusy028902 ca
101 Язык документа 0_
a Язык текста rus
102 Страна публикации __
a Страна публикации RU
106 Кодированные данные (форма документа) __
a Кодированные данные для формы документа (Обозначение носителя) s
125 Кодированные данные звукозаписи и нотных изданий __
b Определитель литературного текста с
126 Кодированные данные (звукозаписи-физические характеристики) __
a Кодированные данные звукозаписи (общие) аgbхhхх сd
127 Кодированные данные (звукозаписи-физические характеристики) __
a Продолжительность проигрывания 2503##
135 Кодированные данные (электронные ресурсы) __
a Кодированные данные (электронные ресурсы) hongannnauuuu
139 Кодированные данные (электронные ресурсы) __
a Кодированные данные (электронные ресурсы) caz
181 Поле кодированных данных: вид содержания _0
a Код вида содержания (ISBD) h
182 Поле кодированных данных: тип средства _0
a Код типа средства (ISBD) a
200 Заглавие и сведения об ответственности 1_
a Заглавие Честь имею
e Сведения, относящиеся к заглавию [роман : аудиокнига]
f Первые сведения об ответственности Валентин Пикуль
g Последующие сведения об ответственности читает Владимир Рыбальченко
g Последующие сведения об ответственности звукорежиссеры: Алеся Батанцева, Софья Дорина
203 Вид содержания и тип средства __
a Вид содержания Устная речь
c Тип средства аудио
210 Выходные данные 1_
a Место издания Москва
c Издательство АРДИС
c Издательство Вече
d Дата издания 2018
215 Физическое описание __
a Объем 2 электрон. опт. диска (CD-ROM) (25 ч. 03 мин.)
c Иллюстрации/тип воспроизводства зв.
d Формат 12 см
225 Серия 1_
a Серия Аудиокнига
300 Общие примечания __
a Общие примечания Заглавие с этикетки диска
300 Общие примечания __
a Общие примечания Данные в формате MP3
330 Аннотация __
a Аннотация "Честь имею". Один из самых известных исторических романов В. Пикуля. Вот уже несколько десятилетий читателя буквально завораживают приключения офицера Российского Генерального штаба, ставшего профессиональным разведчиком и свидетелем политических и дипломатических интриг, которые привели к Первой мировой войне.
333 Примечание о целевом назначении __
a Примечание о целевом назначении 12+. Для детей старше 12 лет
606 Тематические рубрики __
a Основная рубрика Художественная литература
606 Тематические рубрики __
a Основная рубрика Русская литература XX в. (произведения)
610 Ключевые слова 0_
a Ключевые слова проза
610 Ключевые слова 0_
a Ключевые слова романы
610 Ключевые слова 0_
a Ключевые слова исторические романы
610 Ключевые слова 0_
a Ключевые слова тема войны
610 Ключевые слова 0_
a Ключевые слова тема патриотизма
610 Ключевые слова 0_
a Ключевые слова тема женщины
610 Ключевые слова 0_
a Ключевые слова тема родины
610 Ключевые слова 0_
a Ключевые слова патриотическая тема
610 Ключевые слова 0_
a Ключевые слова разведчики
610 Ключевые слова 0_
a Ключевые слова Первая мировая война
610 Ключевые слова 0_
a Ключевые слова тема патриотизма
610 Ключевые слова 0_
a Ключевые слова тема армии
610 Ключевые слова 0_
a Ключевые слова тема военной службы
686 Индексы других классификаций __
a Классификационный индекс 84(2=411.2)6-4я04; ст84(2=411.2)6-4я0
2 Код системы rubbks
700 Автор _1
a Фамилия Пикуль
f Даты 1928-1990
g Полное личное имя Валентин Саввич
4 Код отношения 070
b Имя В. С.
702 Вторичная интеллектуальная ответственность _1
a Фамилия Рыбальченко
b Имя В.
g Полное личное имя Владимир
4 Код отношения 590
702 Вторичная интеллектуальная ответственность _1
a Фамилия Батанцева
g Полное личное имя Алеся
4 Код отношения 570
b Имя А.
702 Вторичная интеллектуальная ответственность _1
a Фамилия Дорина
b Имя С.
g Полное личное имя Софья
4 Код отношения 570
801 Источник записи _0
a Страна RU
b Организация Муниципальное бюджетное учреждение культуры "Централизованная библиотечная система" г. Сургут (Центральная городская библиотека им. А. С. Пушкина)
c Дата составления 20210205
g Правила каталогизации PSBO
801 Источник записи _2
g Правила каталогизации PSBO
801 Источник записи _1
a Страна RU
b Организация Муниципальное бюджетное учреждение культуры "Централизованная библиотечная система" г. Сургут (Центральная городская библиотека им. А. С. Пушкина)
c Дата составления 20210205
g Правила каталогизации PSBO
801 Источник записи _1
a Страна RU
b Организация Муниципальное бюджетное учреждение культуры "Централизованная библиотечная система" г. Сургут (Центральная городская библиотека им. А. С. Пушкина)
c Дата составления 20210205
g Правила каталогизации PSBO
852 Данные о местонахождении __
j Шифр хранения 84(2=411.2)6-4я04
i Авторский знак П 32
899 Данные о местонахождении __
a Местонахождение ЦБС Сургут
900 Макрообъекты __
a Макрообъекты Честь имею, 2018
901 Тип документа __
a Ответственный КиК/Мамарузиева
t Тип документа 0
903 Характеристики (МАРС) __
a Дата передачи 20210205
c Наименование библиотеки (МАРС) Муниципальное бюджетное учреждение культуры "Централизованная библиотечная система" г. Сургут (Центральная городская библиотека им. А. С. Пушкина)
969 Тип издания __
a Тип издания издание для слепых
a Тип издания аудиокнига
990 Данные о заказе (DOS) __
j Количество экземпляров (DOS) 2
t N записи в КСУ для И/У (DOS) 202102